[Event "ODJM B 2014"]
[Site "Magdeburg GER"]
[Date "2014.06.12"]
[Round "7"]
[White "Henning, Marvin"]
[Black "Reyher, Susan"]
[Result "1-0"]
[Termination "normal"]
[Board "1"]
[WhiteElo "1569"]
[BlackElo "1436"]
[WhiteClock "00:32:47"]
[BlackClock "00:11:51"]
[PlyCount "103"]
[WhiteFideId "12957399"]
[BlackFideId "24686107"]
[EventCountry "GER"]
[EventRounds "9"]
[EventType "swiss"]
[EventDate "2014.06.07"]

1. e4 e5 2. Nf3 Nc6 3. Bb5 d6 4. d4 exd4 5. Nxd4 Bd7 6. Bxc6 bxc6 7. O-O g6 8.
Nc3 Bg7 9. f4 Ne7 10. Be3 O-O 11. Rb1 a5 12. Qd3 f5 13. Qc4+ Kh8 14. Ne6 Bxe6
15. Qxe6 fxe4 16. Qxe4 Nf5 17. Bd2 d5 18. Qa4 Qh4 19. Ne2 Rae8 20. Rbe1 Bxb2
21. Qxc6 Nd4 22. Bc3 Bxc3 23. Qxc3 c5 24. Nxd4 Qf6 25. Ne2 Qxc3 26. Nxc3 Rd8
27. Re5 d4 28. Ne4 Rf5 29. Rxf5 gxf5 30. Nxc5 Rc8 31. Nb3 Rxc2 32. Nxd4 Rxa2
33. Nxf5 Rc2 34. Nd4 Rc7 35. Kf2 a4 36. Ra1 Ra7 37. g4 a3 38. Nb5 Ra4 39. Rxa3
Rxf4+ 40. Kg3 Rf6 41. Nd4 Kg7 42. Nf5+ Kg6 43. Ra7 Rf7 44. Rxf7 Kxf7 45. Kf4
Kg6 46. h4 Kf7 47. Kg5 Kg8 48. Kh6 Kh8 49. h5 Kg8 50. g5 Kh8 51. g6 Kg8 52. g7
1-0

[Event "ODJM B 2014"]
[Site "Magdeburg GER"]
[Date "2014.06.12"]
[Round "7"]
[White "Meyer, Nico"]
[Black "Lange, Cecilia"]
[Result "0-1"]
[Termination "normal"]
[Board "2"]
[WhiteElo "1486"]
[BlackElo "1553"]
[WhiteClock "00:02:28"]
[BlackClock "00:42:34"]
[PlyCount "68"]
[WhiteFideId "12975257"]
[BlackFideId "12976040"]
[EventCountry "GER"]
[EventRounds "9"]
[EventType "swiss"]
[EventDate "2014.06.07"]

1. e4 c6 2. d4 d5 3. e5 Bf5 4. Ne2 Nd7 5. Ng3 Bg6 6. h4 h6 7. h5 Bh7 8. Bd3
Bxd3 9. cxd3 e6 10. O-O c5 11. dxc5 Bxc5 12. d4 Bb6 13. Qg4 Kf8 14. Nc3 Ne7 15.
Nb5 Rb8 16. f4 a6 17. f5 Nxe5 18. Qe2 axb5 19. Qxe5 Nc6 20. Qf4 e5 21. Qg4
Bxd4+ 22. Kh1 e4 23. Bf4 Be5 24. f6 Qxf6 25. Be3 Qd8 26. Rxf7+ Kxf7 27. Qg6+
Ke7 28. Bc5+ Kd7 29. Nf5 Rf8 30. Rd1 Kc7 31. Bxf8 Qxf8 32. Rxd5 Qf6 33. Qg4 Qg5
34. Qxe4 Qc1+ 0-1

[Event "ODJM B 2014"]
[Site "Magdeburg GER"]
[Date "2014.06.12"]
[Round "7"]
[White "Schmidt, Alexandra"]
[Black "Silber, Kevin"]
[Result "0-1"]
[Termination "normal"]
[Board "3"]
[WhiteElo "1518"]
[BlackElo "1522"]
[WhiteClock "00:17:19"]
[BlackClock "00:53:37"]
[PlyCount "50"]
[WhiteFideId "12946036"]
[BlackFideId "12930440"]
[EventCountry "GER"]
[EventRounds "9"]
[EventType "swiss"]
[EventDate "2014.06.07"]

1. e4 e5 2. Nf3 Nc6 3. Bc4 Bc5 4. c3 Nf6 5. d3 d5 6. exd5 Nxd5 7. O-O O-O 8.
Bg5 f6 9. Be3 Bb6 10. d4 e4 11. Nfd2 f5 12. f3 f4 13. fxe4 fxe3 14. Bxd5+ Kh8
15. Nf3 Bg4 16. e5 Nxe5 17. Bxb7 Rb8 18. Be4 Qe7 19. Re1 Nxf3+ 20. gxf3 Bh3 21.
Qe2 c5 22. d5 c4 23. Na3 Qh4 24. Nxc4 Qf2+ 25. Kh1 Bg2# 0-1

[Event "ODJM B 2014"]
[Site "Magdeburg GER"]
[Date "2014.06.12"]
[Round "7"]
[White "Thumm, Niklas"]
[Black "Hagenbeck-Hübert, Lara"]
[Result "1/2-1/2"]
[Termination "normal"]
[Board "4"]
[WhiteElo "1521"]
[BlackElo "1443"]
[WhiteClock "01:00:47"]
[BlackClock "00:28:20"]
[PlyCount "75"]
[WhiteFideId "12918733"]
[BlackFideId "12964484"]
[EventCountry "GER"]
[EventRounds "9"]
[EventType "swiss"]
[EventDate "2014.06.07"]

1. e4 e5 2. Nf3 Nc6 3. Bc4 Bc5 4. c3 Nf6 5. d4 exd4 6. e5 d5 7. Bb5 Ne4 8. cxd4
Bb4+ 9. Bd2 Bxd2+ 10. Nbxd2 Bg4 11. Qc2 Nxd2 12. Nxd2 Bd7 13. Bxc6 Bxc6 14. O-O
O-O 15. f4 f6 16. Nf3 Rc8 17. b4 Bb5 18. Rf2 Bc4 19. a3 b6 20. Nd2 fxe5 21.
Nxc4 dxc4 22. Qxc4+ Kh8 23. dxe5 c5 24. Rc1 cxb4 25. Qxc8 Qxc8 26. Rxc8 Rxc8
27. axb4 Rc1+ 28. Rf1 Rc4 29. e6 Kg8 30. Ra1 Rxb4 31. Rxa7 Rxf4 32. Rb7 Kf8 33.
Rxb6 Re4 34. Rb8+ Ke7 35. Rb7+ Kf6 36. Rf7+ Kg6 37. Re7 Kf6 38. Rf7+ 1/2-1/2

[Event "ODJM B 2014"]
[Site "Magdeburg GER"]
[Date "2014.06.12"]
[Round "7"]
[White "Glaser, Maximilian"]
[Black "Eggert, Daniela"]
[Result "1/2-1/2"]
[Termination "normal"]
[Board "5"]
[WhiteElo "1397"]
[BlackElo "1405"]
[WhiteClock "01:15:18"]
[BlackClock "00:27:37"]
[PlyCount "70"]
[WhiteFideId "12956961"]
[BlackFideId "12991490"]
[EventCountry "GER"]
[EventRounds "9"]
[EventType "swiss"]
[EventDate "2014.06.07"]

1. Nf3 d5 2. d4 Nc6 3. Nc3 Bg4 4. Bf4 Nf6 5. h3 Bh5 6. Ne5 Nb8 7. g4 Bg6 8. Bg2
e6 9. Nb5 Na6 10. a3 c6 11. Nc3 Bd6 12. e3 c5 13. h4 h6 14. Nxg6 fxg6 15. Bxd6
Qxd6 16. g5 hxg5 17. hxg5 Rxh1+ 18. Bxh1 Qh2 19. gxf6 Qxh1+ 20. Ke2 Qxd1+ 21.
Rxd1 gxf6 22. Rh1 O-O-O 23. Nb5 Kb8 24. Rh6 cxd4 25. exd4 Nc7 26. Nxc7 Kxc7 27.
Rxg6 Rf8 28. f4 Kd6 29. Kd3 b6 30. Rg7 a5 31. a4 Rh8 32. Rb7 Kc6 33. Rf7 f5 34.
Re7 Kd6 35. Rb7 Kc6 1/2-1/2

[Event "ODJM B 2014"]
[Site "Magdeburg GER"]
[Date "2014.06.12"]
[Round "7"]
[White "Von Jan, Lena"]
[Black "Hofele, Mathis"]
[Result "0-1"]
[Termination "normal"]
[Board "6"]
[WhiteElo "1322"]
[BlackElo "1520"]
[WhiteClock "00:07:32"]
[BlackClock "00:07:49"]
[PlyCount "110"]
[WhiteFideId "12946060"]
[BlackFideId "12963844"]
[EventCountry "GER"]
[EventRounds "9"]
[EventType "swiss"]
[EventDate "2014.06.07"]

1. e4 e5 2. Nf3 Nc6 3. Bb5 a6 4. Ba4 Nf6 5. d3 d6 6. c3 b5 7. Bb3 Na5 8. Bc2 c5
9. O-O Bg4 10. Re1 Nc6 11. Nbd2 g6 12. Nf1 Bg7 13. h3 Bd7 14. Ng3 O-O 15. a4
Qc7 16. Bg5 h6 17. Be3 b4 18. Qd2 Kh7 19. Bb3 Na5 20. Bc2 Rab8 21. b3 bxc3 22.
Qxc3 Nc6 23. Rad1 Rfc8 24. Rc1 Be6 25. Red1 Qa5 26. Qb2 Nd4 27. Nxd4 cxd4 28.
Bd2 Qxa4 29. b4 Qb5 30. Be1 h5 31. Rb1 Bh6 32. Kh1 Rc7 33. Ra1 Rbc8 34. Ba4 Qb7
35. Kg1 Nd7 36. Ne2 Nb6 37. Bb3 Bxb3 38. Qxb3 Rc2 39. Kf1 Kg7 40. Ra2 Rxa2 41.
Qxa2 d5 42. f3 dxe4 43. fxe4 Rc6 44. Bg3 Nd7 45. Qa5 Qb5 46. Qa3 Be3 47. Bf2
Rf6 48. Qb2 Rxf2+ 49. Ke1 a5 50. Qb3 Qxb4+ 51. Qxb4 axb4 52. Rb1 Nc5 53. Rd1 b3
54. Ng3 b2 55. h4 Nxd3+ 0-1

[Event "ODJM B 2014"]
[Site "Magdeburg GER"]
[Date "2014.06.12"]
[Round "7"]
[White "Adelmeyer, Matti"]
[Black "Rose, Luis Stratos"]
[Result "1/2-1/2"]
[Termination "normal"]
[Board "7"]
[WhiteElo "1316"]
[BlackElo "1392"]
[PlyCount "58"]
[WhiteFideId "12962520"]
[BlackFideId "12976008"]
[EventCountry "GER"]
[EventRounds "9"]
[EventType "swiss"]
[EventDate "2014.06.07"]

1. e4 g6 2. d4 Bg7 3. Nf3 d6 4. Be2 Nf6 5. Nc3 O-O 6. O-O Nbd7 7. Bf4 Nh5 8.
Be3 Nhf6 9. Qc1 e5 10. dxe5 dxe5 11. Bh6 Qe7 12. Bxg7 Kxg7 13. Re1 b6 14. Bb5
Bb7 15. Qg5 Rfe8 16. Bxd7 Nxd7 17. Nd5 Qxg5 18. Nxg5 Bxd5 19. exd5 h6 20. Nf3
f6 21. Rad1 Rad8 22. Nd2 a5 23. Ne4 Nc5 24. Nxc5 bxc5 25. Re4 Rb8 26. b3 Rb4
27. f3 Rd4 28. Rdxd4 cxd4 29. f4 Kf7 1/2-1/2

[Event "ODJM B 2014"]
[Site "Magdeburg GER"]
[Date "2014.06.12"]
[Round "7"]
[White "Giede, Anna-Blume"]
[Black "Tham, Minh"]
[Result "0-1"]
[Termination "normal"]
[Board "8"]
[WhiteElo "1457"]
[BlackElo "1275"]
[PlyCount "86"]
[WhiteFideId "12921980"]
[BlackFideId "12997323"]
[EventCountry "GER"]
[EventRounds "9"]
[EventType "swiss"]
[EventDate "2014.06.07"]

1. e4 e5 2. Nf3 Nc6 3. d4 exd4 4. Nxd4 Bc5 5. Be3 Qf6 6. c3 Nge7 7. Bc4 Ng6 8.
O-O O-O 9. Re1 Nce5 10. Be2 d6 11. Qd2 h6 12. h3 Nh4 13. Bh5 Bxd4 14. Bxd4 c5
15. Bxe5 Qxe5 16. Qd5 Be6 17. Qxe5 dxe5 18. Nd2 Rad8 19. Nf3 Nxf3+ 20. Bxf3 Rd2
21. Re2 Rfd8 22. Rxd2 Rxd2 23. b3 b5 24. Kf1 c4 25. b4 Rc2 26. Be2 Rxc3 27. a3
Rc2 28. Ke1 c3 29. Bxb5 Rb2 30. Rc1 Rb3 31. a4 Rxb4 32. Rxc3 Rxe4+ 33. Kd2 Rd4+
34. Rd3 Rxd3+ 35. Kxd3 Bd5 36. f3 f5 37. Ke3 Kf7 38. Bd3 Ke6 39. a5 g5 40. g4
f4+ 41. Kd2 Bxf3 42. Ke1 Bg2 43. Bf1 Bxf1 0-1

[Event "ODJM B 2014"]
[Site "Magdeburg GER"]
[Date "2014.06.12"]
[Round "7"]
[White "Grund, Melanie"]
[Black "Alcer, Johanna"]
[Result "1/2-1/2"]
[Termination "normal"]
[Board "10"]
[WhiteElo "1344"]
[BlackElo "1110"]
[PlyCount "98"]
[WhiteFideId "12988804"]
[BlackFideId "12964450"]
[EventCountry "GER"]
[EventRounds "9"]
[EventType "swiss"]
[EventDate "2014.06.07"]

1. d4 d5 2. e3 e6 3. Bd3 c5 4. c3 Nc6 5. f4 f5 6. Nf3 Nf6 7. Nbd2 Be7 8. Ne5
Qc7 9. O-O O-O 10. Rf3 a6 11. Qe1 b5 12. Rh3 Ne4 13. Nxe4 fxe4 14. Be2 Bd7 15.
Qg3 b4 16. Bh5 Be8 17. Qg4 Nxe5 18. fxe5 Rf5 19. Bxe8 Rxe8 20. Rg3 Bf8 21. Bd2
Qf7 22. Qe2 a5 23. Qb5 Be7 24. dxc5 Rf8 25. Rh3 Bxc5 26. Rh4 Rf2 27. h3 Rxg2+
28. Kxg2 Qf2+ 29. Kh1 Qxh4 30. Rf1 Qxh3+ 31. Kg1 Bxe3+ 32. Bxe3 Qxe3+ 33. Kh1
Qh3+ 34. Kg1 Rxf1+ 35. Qxf1 Qxf1+ 36. Kxf1 bxc3 37. bxc3 h5 38. Kg1 g5 39. Kg2
Kg7 40. a4 g4 41. Kg3 e3 42. Kg2 h4 43. c4 dxc4 44. Kf1 c3 45. Ke1 h3 46. Kf1
c2 47. Ke2 c1=Q 48. Kd3 Qd2+ 49. Ke4 e2 1/2-1/2

[Event "ODJM B 2014"]
[Site "Magdeburg GER"]
[Date "2014.06.12"]
[Round "7"]
[White "Biermann, Florian"]
[Black "Wu, Erik"]
[Result "1/2-1/2"]
[Termination "normal"]
[Board "11"]
[WhiteElo "1725"]
[BlackElo "1187"]
[PlyCount "125"]
[WhiteFideId "12970069"]
[BlackFideId "12977489"]
[EventCountry "GER"]
[EventRounds "9"]
[EventType "swiss"]
[EventDate "2014.06.07"]

1. Nf3 c5 2. g3 Nc6 3. Bg2 g6 4. O-O Bg7 5. c3 e5 6. e4 Nge7 7. Na3 d6 8. Nc2
Qb6 9. d3 O-O 10. Rb1 d5 11. exd5 Nxd5 12. Be3 Nxe3 13. Nxe3 Rd8 14. Qe2 Qa6
15. Nc4 Bf5 16. Rfd1 Rd7 17. Rd2 Bxd3 18. Rxd3 Qxc4 19. Rd2 Qxe2 20. Rxe2 Rad8
21. Rbe1 Rd1 22. Rxd1 Rxd1+ 23. Re1 Rxe1+ 24. Nxe1 Kf8 25. Nd3 c4 26. Bxc6 bxc6
27. Nb4 c5 28. Na6 Ke8 29. Nxc5 Bh6 30. Ne4 Ke7 31. Kf1 Bc1 32. b3 cxb3 33.
axb3 f5 34. Nc5 Bd2 35. c4 Bb4 36. Nd3 Bd6 37. c5 Bc7 38. b4 Ke6 39. b5 Kd5 40.
h4 Kc4 41. b6 axb6 42. cxb6 Bb8 43. Ke2 Kb5 44. b7 Kb6 45. Ke3 Kxb7 46. Nc5+
Kc6 47. Ne6 h6 48. h5 gxh5 49. Ng7 f4+ 50. gxf4 exf4+ 51. Kf3 h4 52. Kg2 Kd5
53. f3 Be5 54. Nh5 Ke6 55. Nxf4+ Bxf4 56. Kh3 Bg3 57. Kg2 Kf5 58. Kh3 Kf4 59.
Kg2 Ke3 60. Kh3 Be1 61. Kh2 Kxf3 62. Kh1 Kg3 63. Kg1 1/2-1/2

[Event "ODJM B 2014"]
[Site "Magdeburg GER"]
[Date "2014.06.12"]
[Round "7"]
[White "Gutschenreiter, Donato"]
[Black "Hoang, Viet Long"]
[Result "1/2-1/2"]
[Termination "normal"]
[Board "12"]
[WhiteElo "1362"]
[BlackElo "1459"]
[PlyCount "67"]
[WhiteFideId "12975540"]
[BlackFideId "12964824"]
[EventCountry "GER"]
[EventRounds "9"]
[EventType "swiss"]
[EventDate "2014.06.07"]

1. e4 e5 2. Nf3 Nc6 3. Bc4 Bc5 4. c3 Nf6 5. d3 d6 6. h3 Be6 7. Bb3 Qd7 8. Nbd2
h6 9. Nf1 d5 10. exd5 Nxd5 11. Ng3 Nf4 12. Bxf4 exf4 13. Ne4 Bb6 14. d4 f5 15.
Ned2 Bxb3 16. Qxb3 Qe7+ 17. Kf1 O-O-O 18. Re1 Qd7 19. Nc4 Qd5 20. Nxb6+ axb6
21. Qxd5 Rxd5 22. b4 b5 23. Re6 Rd6 24. Rxd6 cxd6 25. Ke2 Re8+ 26. Kd2 g5 27.
Re1 Rxe1 28. Nxe1 Ne7 29. g3 Nd5 30. g4 fxg4 31. hxg4 Nf6 32. f3 Kd7 33. Nc2
Kc6 34. Na3 1/2-1/2

[Event "ODJM B 2014"]
[Site "Magdeburg GER"]
[Date "2014.06.12"]
[Round "7"]
[White "Petri, Ben-Luca"]
[Black "Trömer, Felix"]
[Result "0-1"]
[Termination "normal"]
[Board "13"]
[WhiteElo "1394"]
[BlackElo "1438"]
[PlyCount "72"]
[WhiteFideId "12947261"]
[BlackFideId "12992879"]
[EventCountry "GER"]
[EventRounds "9"]
[EventType "swiss"]
[EventDate "2014.06.07"]

1. e4 d5 2. exd5 Qxd5 3. Nc3 Qa5 4. d4 c6 5. Bc4 Nf6 6. Bd2 Qc7 7. Nf3 Bf5 8.
O-O e6 9. Re1 Be7 10. Ne5 Nbd7 11. Bf4 Bd6 12. Bg3 O-O 13. Qd2 Rad8 14. Nxd7
Qxd7 15. Bh4 Be7 16. Bxf6 Bxf6 17. Ne2 Bxd4 18. Nxd4 Qxd4 19. Qxd4 Rxd4 20. Bb3
Rfd8 21. Kf1 Rd2 22. a4 Bxc2 23. Bxc2 Rxc2 24. Red1 Rcd2 25. Ke1 Rxd1+ 26. Rxd1
Rxd1+ 27. Kxd1 Kf8 28. Kc2 Ke7 29. Kb3 Kd6 30. Kc4 a6 31. a5 c5 32. b4 cxb4 33.
Kxb4 Kd5 34. f3 Kc6 35. Kc4 b6 36. axb6 Kxb6 0-1

[Event "ODJM B 2014"]
[Site "Magdeburg GER"]
[Date "2014.06.12"]
[Round "7"]
[White "Friedrich, Robert"]
[Black "Lommel, Hagen"]
[Result "1-0"]
[Termination "normal"]
[Board "14"]
[WhiteElo "1397"]
[BlackElo "1209"]
[PlyCount "105"]
[WhiteFideId "1271541"]
[BlackFideId "12972380"]
[EventCountry "GER"]
[EventRounds "9"]
[EventType "swiss"]
[EventDate "2014.06.07"]

1. e4 e5 2. Nf3 Nc6 3. Bc4 Bc5 4. c3 Nf6 5. d3 a6 6. Bb3 d6 7. Nbd2 Be6 8. Bc2
Qd7 9. O-O Ba7 10. Re1 Ng4 11. Re2 O-O 12. Nf1 Kh8 13. d4 Bc4 14. Re1 Bxf1 15.
Kxf1 Nh6 16. dxe5 Rad8 17. exd6 Qxd6 18. Qxd6 Rxd6 19. Bf4 Rd7 20. Rad1 Rfd8
21. h3 Kg8 22. Rxd7 Rxd7 23. Rd1 Rxd1+ 24. Bxd1 Bb6 25. Ke2 Kf8 26. Ba4 Ne7 27.
Nd4 Nhg8 28. f3 Ng6 29. Ke3 Ke7 30. g4 c5 31. Nf5+ Kd8 32. Bg3 Nf6 33. Nxg7 Bc7
34. Bxc7+ Kxc7 35. Ne8+ Nxe8 36. Bxe8 Ne5 37. Ba4 Nc4+ 38. Ke2 Nxb2 39. Bb3 b5
40. Bxf7 Na4 41. Kd3 Nb6 42. f4 Kd7 43. e5 Ke7 44. Bg8 h6 45. h4 Kf8 46. Bh7
Nd5 47. f5 Nf4+ 48. Ke4 Ne2 49. e6 Nxc3+ 50. Ke5 Nxa2 51. f6 Nb4 52. e7+ Ke8
53. Bg6+ 1-0

[Event "ODJM B 2014"]
[Site "Magdeburg GER"]
[Date "2014.06.12"]
[Round "7"]
[White "Kornitzky, Tino"]
[Black "von Schoenebeck, Konstantin"]
[Result "1-0"]
[Termination "normal"]
[Board "15"]
[WhiteElo "1386"]
[BlackElo "1023"]
[PlyCount "115"]
[WhiteFideId "12970379"]
[BlackFideId "12977349"]
[EventCountry "GER"]
[EventRounds "9"]
[EventType "swiss"]
[EventDate "2014.06.07"]

1. d4 Nf6 2. c4 c5 3. d5 b5 4. e3 bxc4 5. Bxc4 Ba6 6. b3 g6 7. Bb2 Bg7 8. Nf3
O-O 9. Qe2 Qb6 10. Nbd2 Nxd5 11. Bxg7 Kxg7 12. Bxa6 Nxa6 13. O-O Nab4 14. Nc4
Nc3 15. Qb2 Qf6 16. a3 Nc6 17. Qd2 Rfd8 18. Rfc1 Ne4 19. Qd5 Nc3 20. Qd3 Nb5
21. Ncd2 Nc7 22. Ne4 Qf5 23. Rxc5 d5 24. Qc3+ e5 25. Ng3 Qf6 26. Rxc6 Ne6 27.
Qxe5 Qxe5 28. Nxe5 d4 29. exd4 Nxd4 30. Rc3 h5 31. Nf3 h4 32. Nxh4 f5 33. Nf3
f4 34. Nxd4 Rxd4 35. Ne2 Re4 36. Kf1 Rh8 37. h3 Re5 38. Nxf4 g5 39. Nd3 Re7 40.
Re1 Rf7 41. Ne5 Rf6 42. Ng4 Rf4 43. Rc7+ Rf7 44. Ree7 Rxe7 45. Rxe7+ Kf8 46.
Rxa7 Rh4 47. Rc7 Ke8 48. b4 Kd8 49. Rg7 Rh5 50. b5 Kc8 51. b6 Kb8 52. a4 Ka8
53. a5 Kb8 54. a6 Rh8 55. Rxg5 Ka8 56. Rg7 Kb8 57. Ra7 Kc8 58. Ra8+ 1-0

[Event "ODJM B 2014"]
[Site "Magdeburg GER"]
[Date "2014.06.12"]
[Round "7"]
[White "Yi, Wendy"]
[Black "Breß, Aaron"]
[Result "1/2-1/2"]
[Termination "normal"]
[Board "16"]
[WhiteElo "1159"]
[BlackElo "1364"]
[PlyCount "65"]
[WhiteFideId "16224850"]
[BlackFideId "12996432"]
[EventCountry "GER"]
[EventRounds "9"]
[EventType "swiss"]
[EventDate "2014.06.07"]

1. e4 c6 2. Nc3 d5 3. exd5 cxd5 4. d4 Nf6 5. Nf3 Bg4 6. Bg5 e6 7. Bb5+ Nc6 8.
O-O Be7 9. Qd3 O-O 10. Bxc6 bxc6 11. Ne5 Rc8 12. Bxf6 Bxf6 13. Nxg4 c5 14. dxc5
Rxc5 15. Qf3 Bxc3 16. bxc3 Qc7 17. Qg3 Qxg3 18. hxg3 Rfc8 19. Rab1 Rxc3 20.
Rfc1 d4 21. Rb3 h5 22. Ne5 f6 23. Nd3 Rxc2 24. Rxc2 Rxc2 25. f4 Rxa2 26. Rb4
Rd2 27. Rxd4 e5 28. fxe5 fxe5 29. Rd7 e4 30. Nc5 e3 31. Re7 Rd1+ 32. Kh2 Rd5
33. Nb3 1/2-1/2

[Event "ODJM B 2014"]
[Site "Magdeburg GER"]
[Date "2014.06.12"]
[Round "7"]
[White "Kalina, Joshua"]
[Black "Bajorski, Marius"]
[Result "0-1"]
[Termination "normal"]
[Board "17"]
[WhiteElo "1090"]
[BlackElo "1807"]
[PlyCount "62"]
[BlackFideId "12938831"]
[EventCountry "GER"]
[EventRounds "9"]
[EventType "swiss"]
[EventDate "2014.06.07"]

1. e4 e5 2. Nf3 Nc6 3. d4 exd4 4. Nxd4 Nf6 5. Nxc6 bxc6 6. e5 Qe7 7. Qe2 Nd5 8.
c4 Ba6 9. Qe4 Nb6 10. b3 d5 11. Qf4 O-O-O 12. Nd2 Nd7 13. Bb2 f6 14. Nf3 fxe5
15. Nxe5 Nxe5 16. Bxe5 Re8 17. Qf5+ Kb8 18. f4 g6 19. Qc2 Bg7 20. Bd3 Bxe5 21.
fxe5 Qxe5+ 22. Kd2 Qf4+ 23. Kc3 Re3 24. Rae1 Qe5+ 25. Kd2 Rxe1 26. Rxe1 Qxh2
27. cxd5 Qxg2+ 28. Re2 Qxd5 29. Qc3 Rd8 30. Re3 Qxd3+ 31. Rxd3 Rxd3+ 0-1

[Event "ODJM B 2014"]
[Site "Magdeburg GER"]
[Date "2014.06.12"]
[Round "7"]
[White "Manco, Michela"]
[Black "Müdder, Melanie"]
[Result "1/2-1/2"]
[Termination "normal"]
[Board "18"]
[WhiteElo "1541"]
[BlackElo "1098"]
[PlyCount "91"]
[WhiteFideId "12943908"]
[BlackFideId "12994103"]
[EventCountry "GER"]
[EventRounds "9"]
[EventType "swiss"]
[EventDate "2014.06.07"]

1. e4 e5 2. Bc4 Nc6 3. Nf3 Nf6 4. d3 Be7 5. c3 d6 6. Bb3 O-O 7. Nbd2 Be6 8. Bc2
Qd7 9. h3 d5 10. Qe2 dxe4 11. dxe4 Rad8 12. O-O Bd6 13. Re1 Ne7 14. Ng5 Ng6 15.
Nxe6 Qxe6 16. Nf3 h6 17. Be3 b6 18. Bb3 Qe7 19. Qc2 Bc5 20. Bxc5 Qxc5 21. Rad1
Qc6 22. Qe2 Nf4 23. Qe3 Ng6 24. Bc2 Qc4 25. Bb3 Qc6 26. Bc2 a5 27. Rd2 Rxd2 28.
Qxd2 Qb5 29. Bd3 Qd7 30. Bc2 Rd8 31. Qxd7 Rxd7 32. Re2 Nf4 33. Rd2 Rxd2 34.
Nxd2 Ne2+ 35. Kf1 Nf4 36. Nc4 Nd7 37. f3 f6 38. Bb3 Kf8 39. Bc2 g5 40. b4 axb4
41. cxb4 b5 42. Na5 Ne6 43. a4 Nd4 44. Bd1 c5 45. axb5 cxb4 46. Ba4 1/2-1/2

[Event "ODJM B 2014"]
[Site "Magdeburg GER"]
[Date "2014.06.12"]
[Round "7"]
[White "Buller, Ian Joshua"]
[Black "Bardorz, Stefan"]
[Result "1-0"]
[Termination "normal"]
[Board "19"]
[WhiteElo "1244"]
[BlackElo "1047"]
[PlyCount "47"]
[WhiteFideId "12990655"]
[BlackFideId "16245474"]
[EventCountry "GER"]
[EventRounds "9"]
[EventType "swiss"]
[EventDate "2014.06.07"]

1. e4 e5 2. Nf3 Nc6 3. d4 exd4 4. Nxd4 Bc5 5. Be3 Qf6 6. c3 Nge7 7. Bc4 Ne5 8.
Bb3 Qg6 9. O-O Qxe4 10. Nd2 Qg6 11. N2f3 d6 12. Nxe5 dxe5 13. Ba4+ c6 14. Nxc6
Nxc6 15. Bxc5 b6 16. Bd6 Bb7 17. Bxe5 O-O 18. Bg3 Rad8 19. Qf3 Rd3 20. Qe2 Ba6
21. f3 Rfd8 22. Rfe1 h6 23. Bc2 Rd2 24. Qxd2 1-0

[Event "ODJM B 2014"]
[Site "Magdeburg GER"]
[Date "2014.06.12"]
[Round "7"]
[White "Hoffmann, Simon"]
[Black "Triantafillidis, Simeon"]
[Result "0-1"]
[Termination "normal"]
[Board "20"]
[WhiteElo "1126"]
[BlackElo "1361"]
[PlyCount "106"]
[WhiteFideId "12979686"]
[BlackFideId "12953113"]
[EventCountry "GER"]
[EventRounds "9"]
[EventType "swiss"]
[EventDate "2014.06.07"]

1. e4 e5 2. Nf3 Nf6 3. Nc3 Nc6 4. Bc4 Nxe4 5. Bxf7+ Kxf7 6. Nxe4 d5 7. Neg5+
Kg8 8. d3 h6 9. Nh3 Qe8 10. Qe2 Bg4 11. Qe3 Qg6 12. Bd2 Re8 13. O-O-O e4 14.
dxe4 dxe4 15. Nf4 Qf7 16. Rde1 Qxa2 17. Qb3+ Qxb3 18. cxb3 Kh7 19. Bc3 Bd6 20.
Nd5 exf3 21. gxf3 Bxf3 22. Rhg1 Rxe1+ 23. Rxe1 Bxd5 24. Rg1 Bf4+ 25. Kc2 Be4+
26. Kd1 Rg8 27. Ke2 Bxh2 28. Rg4 Bf5 29. Rg2 Re8+ 30. Kd1 Be5 31. Bd2 Be4 32.
Rg1 Bh2 33. Re1 Bf3+ 34. Kc2 Rxe1 35. Bxe1 Nd4+ 36. Kc3 Be5 37. Bd2 Bd5 38. Be3
Nxb3+ 39. Kb4 Bxb2 40. Bxa7 Bd4 41. Bb8 Bxf2 42. Bxc7 g5 43. Kc3 g4 44. Kd3 g3
45. Ke2 h5 46. Bd8 b5 47. Be7 b4 48. Bxb4 h4 49. Bd6 h3 50. Kd3 h2 51. Kc3 h1=Q
52. Kb4 Qe1+ 53. Kb5 Qa5# 0-1

[Event "ODJM B 2014"]
[Site "Magdeburg GER"]
[Date "2014.06.12"]
[Round "7"]
[White "Kostanyan, Hakob"]
[Black "Wernecke, Tim"]
[Result "1-0"]
[Termination "normal"]
[Board "23"]
[WhiteElo "1178"]
[BlackElo "990"]
[PlyCount "59"]
[WhiteFideId "12977683"]
[BlackFideId "12997137"]
[EventCountry "GER"]
[EventRounds "9"]
[EventType "swiss"]
[EventDate "2014.06.07"]

1. e4 e5 2. Nf3 Nc6 3. Bc4 Bc5 4. O-O Nf6 5. d4 Bxd4 6. Nxd4 Nxd4 7. Bg5 b5 8.
f4 bxc4 9. fxe5 Ne6 10. exf6 Nxg5 11. fxg7 Rg8 12. Qd5 Ba6 13. c3 Rxg7 14. Qe5+
Ne6 15. Nd2 Ke7 16. Nf3 c6 17. Nd4 Qb6 18. Kh1 Kf8 19. Nf5 Rg5 20. h4 Rg4 21.
Qd6+ Kg8 22. Nh6+ Kh8 23. Nxg4 Rg8 24. Nh6 Rg6 25. Qe5+ Ng7 26. Rxf7 Qd8 27.
Raf1 Qxh4+ 28. Kg1 Rf6 29. Rf8+ Rxf8 30. Rxf8# 1-0

[Event "ODJM B 2014"]
[Site "Magdeburg GER"]
[Date "2014.06.12"]
[Round "7"]
[White "Pahl, Erik"]
[Black "Lilienthal, Niels Bennett"]
[Result "1/2-1/2"]
[Termination "normal"]
[Board "24"]
[WhiteElo "1028"]
[BlackElo "1167"]
[PlyCount "58"]
[WhiteFideId "16201272"]
[BlackFideId "16205421"]
[EventCountry "GER"]
[EventRounds "9"]
[EventType "swiss"]
[EventDate "2014.06.07"]

1. e4 e5 2. Nc3 Nf6 3. f4 exf4 4. e5 Ng8 5. d4 Qh4+ 6. Ke2 d6 7. Nf3 Qh6 8. Nd5
Kd8 9. Bxf4 Qe6 10. Nc3 f6 11. Kf2 Bd7 12. Bd3 fxe5 13. dxe5 dxe5 14. Bxe5 Qb6+
15. Bd4 Qxb2 16. Rb1 Qa3 17. Rxb7 Nc6 18. Rb3 Qd6 19. Be3 Be6 20. Nb5 Qd7 21.
Rb2 Nf6 22. Be2 Bd6 23. Nxd6 cxd6 24. h3 Ke7 25. Bg5 h6 26. Bxf6+ gxf6 27. Bb5
Rad8 28. Re1 Qc7 29. Qd5 Ne5 1/2-1/2

[Event "ODJM B 2014"]
[Site "Magdeburg GER"]
[Date "2014.06.12"]
[Round "7"]
[White "Tamrazyan, Gohar"]
[Black "Zimmer, Claudius"]
[Result "1-0"]
[Termination "normal"]
[Board "25"]
[WhiteElo "1483"]
[BlackElo "1081"]
[PlyCount "39"]
[WhiteFideId "1330799"]
[EventCountry "GER"]
[EventRounds "9"]
[EventType "swiss"]
[EventDate "2014.06.07"]

1. d4 d5 2. c4 e6 3. Nc3 c5 4. Nf3 Nf6 5. Bg5 Qb6 6. Bxf6 Qxb2 7. Nb5 gxf6 8.
Nc7+ Kd7 9. Nxa8 b6 10. Qa4+ Nc6 11. Rd1 Bb7 12. cxd5 exd5 13. dxc5 Bxa8 14.
Rxd5+ Kc7 15. cxb6+ axb6 16. Qf4+ Kb7 17. Rd7+ Ka6 18. Qa4+ Na5 19. e3+ Qb5 20.
Bxb5# 1-0

[Event "ODJM B 2014"]
[Site "Magdeburg GER"]
[Date "2014.06.12"]
[Round "7"]
[White "Matuschak, Henry"]
[Black "Fromm, Marius"]
[Result "1-0"]
[Termination "normal"]
[Board "26"]
[WhiteElo "1153"]
[BlackElo "899"]
[PlyCount "53"]
[BlackFideId "12993190"]
[EventCountry "GER"]
[EventRounds "9"]
[EventType "swiss"]
[EventDate "2014.06.07"]

1. e4 e5 2. Nf3 Nc6 3. Nc3 Nf6 4. Bb5 Bb4 5. O-O O-O 6. d3 d6 7. Bg5 Bxc3 8.
bxc3 Bg4 9. h3 Bh5 10. g4 Bg6 11. Nh4 Qe7 12. Qf3 h6 13. Nxg6 fxg6 14. Bc4+ Kh7
15. Bh4 Qf7 16. Bxf7 Rxf7 17. Rab1 b6 18. Rbd1 Rd8 19. d4 Rfd7 20. Kh2 Nd5 21.
Qd3 Nf4 22. Qe3 g5 23. Bg3 d5 24. exd5 Nxd5 25. Qe4+ g6 26. dxe5 Nxc3 27. Rxd7+
1-0